Statistics for 50 Best-Cast Roles (and 10 Worst) in Comic Book Movies

Click here to take the quiz!

General Stats

  • This quiz has been taken 350 times
    (296 since last reset)
  • The average score is 39 of 60

Answer Stats

RankCharacterFirst PortrayalAnswer% Correct
34Doctor StrangeDoctor StrangeBenedict Cumberbatch
91%
39Nick FuryIron ManSamuel L Jackson
91%
41Black WidowIron Man 2Scarlett Johansson
91%
42Star-LordGuardians of the GalaxyChris Pratt
88%
1Iron ManIron ManRobert Downey Jr
88%
10ThorThorChris Hemsworth
87%
9JokerThe Dark KnightHeath Ledger
86%
3WolverineX-MenHugh Jackman
85%
4Captain AmericaCaptain AmericaChris Evans
84%
50HulkThe Incredible HulkEd Norton
84%
38BatmanBatmanMichael Keaton
83%
2DeadpoolX-Men Origins: WolverineRyan Reynolds
83%
28Spider-ManThe Amazing Spider-ManAndrew Garfield
82%
14LokiThorTom Hiddleston
82%
30Spider-ManSpider-ManTobey Maguire
81%
20Wonder WomanBatman vs SupermanGal Gadot
80%
17The MaskThe MaskJim Carrey
80%
24Harley QuinnSuicide SquadMargot Robbie
80%
33BaneThe Dark Knight RisesTom Hardy
80%
36PenguinBatman ReturnsDanny DeVito
79%
43Human TorchFantastic FourChris Evans
77%
44JokerBatmanJack Nicholson
77%
26Green GoblinSpider-ManWillem Dafoe
75%
23Alfred PennyworthBatman BeginsMichael Caine
74%
7Professor XX-MenPatrick Stewart
74%
37DraxGuardians of the GalaxyDave Bautista
71%
-3Captain MarvelCaptain MarvelBrie Larson
68%
19VultureSpider-Man: HomecomingMichael Keaton
68%
5SupermanSupermanChristopher Reeve
67%
40Professor XX-Men: First ClassJames McAvoy
67%
-5JokerSuicide SquadJared Leto
66%
18MagnetoX-Men: First ClassMichael Fassbender
66%
31MagnetoX-MenIan McKellan
65%
8BladeBladeWesley Snipes
65%
35GrandmasterThor: RagnarokJeff Goldblum
64%
-4BatmanBatman and RobinGeorge Clooney
63%
-6MystiqueX-Men: First ClassJennifer Lawrence
63%
-1Mr. FreezeBatman and RobinArnold Schwarzenegger
61%
49UltronAvengers Age of UltronJames Spader
59%
12JokerBatman: the Animated SeriesMark Hamill
59%
-7AquamanBatman vs. SupermanJason Momoa
58%
21CatwomanBatman ReturnsMichelle Pfieffer
56%
46Leonidas300Gerard Butler
55%
-8Invisible WomanFantastic FourJessica Alba
55%
15Scott PilgrimScott Pilgrim vs the WorldMichael Cera
55%
22Doctor OctopusSpider-Man 2Alfred Molina
52%
-9Lex LuthorBatman vs. SupermanJesse Eisenberg
51%
11J Jonah JamesonSpider-ManJK Simmons
51%
47Ulysses KlawAvengers Age of UltronAndy Serkis
49%
6HellboyHellboyRon Perlman
45%
48Bolivar TraskX-Men: Days of Future PastPeter Dinklage
43%
-2BatgirlBatman and RobinAlicia Silverstone
40%
13Hit-GirlKick-Ass!Chloe Grace Moretz
40%
25SupermanSuperman ReturnsBrandon Routh
37%
29MarvSin CityMickey Rourke
37%
45BatmanBatman: the Animated SeriesKevin Conroy
33%
-10PsylockeX-Men ApocalypseOlivia Munn
27%
16The ComedianWatchmenJeffrey Dean Morgan
23%
32X-23LoganDafne Keen
20%
27RorshachWatchmenJackie Earl Haley
20%

Score Distribution

Percentile by Number Answered

Percent of People with Each Score

Your Score History

You have not taken this quiz since the last reset